CLINICAL IMMUNOLOGY OF THE DOG AND CAT (Record no. 17354)

MARC details
000 -LEADER
fixed length control field 00464nam a22001697a 4500
003 - CONTROL NUMBER IDENTIFIER
control field OSt
005 - DATE AND TIME OF LATEST TRANSACTION
control field 20211109164027.0
008 - FIXED-LENGTH DATA ELEMENTS--GENERAL INFORMATION
fixed length control field 211109b |||||||| |||| 00| 0 eng d
020 ## - INTERNATIONAL STANDARD BOOK NUMBER
International Standard Book Number 978-1-84076-098-9
040 ## - CATALOGING SOURCE
Transcribing agency HAWASSA UNIVERSIRT
050 ## - LIBRARY OF CONGRESS CALL NUMBER
Classification number 636.7089/DAY
Item number 5
082 ## - DEWEY DECIMAL CLASSIFICATION NUMBER
Edition number 2
Classification number 636.7089/DAY
Item number 5
100 ## - MAIN ENTRY--PERSONAL NAME
Personal name DAY J MICHAEL
Fuller form of name DAY J MICHAEL
9 (RLIN) 17569
245 ## - TITLE STATEMENT
Title CLINICAL IMMUNOLOGY OF THE DOG AND CAT
260 ## - PUBLICATION, DISTRIBUTION, ETC.
Place of publication, distribution, etc. LONDON
Name of publisher, distributor, etc. MANSON
Date of publication, distribution, etc. 2008
942 ## - ADDED ENTRY ELEMENTS (KOHA)
Source of classification or shelving scheme Dewey Decimal Classification
Koha item type Books like text book referance book
Suppress in OPAC No
Holdings
Withdrawn status Lost status Source of classification or shelving scheme Damaged status Not for loan Home library Current library Date acquired Total Checkouts Full call number Barcode Date last seen Copy number Price effective from Koha item type
    Dewey Decimal Classification     College of Agriculture Library College of Agriculture Library 11/09/2021   636.7089/DAY ALIB0002600 11/09/2021 1 11/09/2021 Books like text book referance book
    Dewey Decimal Classification     College of Agriculture Library College of Agriculture Library 11/09/2021   636.7089/DAY ALIB0002596 11/09/2021 2 11/09/2021 Books like text book referance book
    Dewey Decimal Classification     College of Agriculture Library College of Agriculture Library 11/09/2021   636.7089/DAY ALIB0002597 11/09/2021 3 11/09/2021 Books like text book referance book
    Dewey Decimal Classification     College of Agriculture Library College of Agriculture Library 11/09/2021   636.7089/DAY ALIB0002598 11/09/2021 4 11/09/2021 Books like text book referance book
    Dewey Decimal Classification     College of Agriculture Library College of Agriculture Library 11/09/2021   636.7089/DAY ALIB0002901 11/09/2021 5 11/09/2021 Books like text book referance book